000 00234 a2200085 4500
082 _a297.1226 KAR
245 _aAl Hadis [Book 4]
_cMaulana Fazlul Karim
260 _aPakistan
_bIslamic Education Center
_c1998
300 _a598p .
_c23 cm .
650 _aIslam-Translation
999 _c162
_d162